Hybné sily služieb a nové črty marketingu

Význam a charakter služieb v trhovej ekonomike. Hybné sily rozvoja služieb. Vzťahy ako nový marketingový fenomén, najpodstatnejšia časť marketingu. Cieľ marketingu vzťahov, filozofia marketingu vzťahov - definície.

Salvato in:
Dettagli Bibliografici
Autore principale: Michalová, Valéria
Natura: Capitolo di libro
Lingua:slovacco
Soggetti:
Tags: Aggiungi Tag
Nessun Tag, puoi essere il primo ad aggiungerne!!

MARC

LEADER 00000naa$a2200000$$$4500
001 0013309
005 20240502071358.5
041 0 |a slo 
044 |a SK 
245 1 0 |a Hybné sily služieb a nové črty marketingu  |c Valéria Michalová 
520 |a Význam a charakter služieb v trhovej ekonomike. Hybné sily rozvoja služieb. Vzťahy ako nový marketingový fenomén, najpodstatnejšia časť marketingu. Cieľ marketingu vzťahov, filozofia marketingu vzťahov - definície. 
610 2 0 |a vývoj 
610 2 0 |a služby 
610 2 0 |a hospodárstvo trhové 
610 2 0 |a marketing služieb 
100 1 |a Michalová, Valéria